Phương pháp hình thành những kiến thức về bảo vệ thiên nhiên trong giáo trình sinh học phổ thông

Gorde:
Xehetasun bibliografikoak
Egile nagusia: Dakholevni, A. N.
Formatua: Liburua
Hizkuntza:Undetermined
Argitaratua: Hà Nội Giáo Dục 1981
Gaiak:
Etiketak: Etiketa erantsi
Etiketarik gabe, Izan zaitez lehena erregistro honi etiketa jartzen!
Thư viện lưu trữ: Trung tâm Học liệu Trường Đại học Cần Thơ
LEADER 00681nam a2200181Ia 4500
001 CTU_6181
008 210402s9999 xx 000 0 und d
082 |a 372.857 
082 |b D135 
100 |a Dakholevni, A. N. 
245 0 |a Phương pháp hình thành những kiến thức về bảo vệ thiên nhiên trong giáo trình sinh học phổ thông 
245 0 |c A.N. Dakholevni, I.D. Dovorev, I.T. Suravegina 
260 |a Hà Nội 
260 |b Giáo Dục 
260 |c 1981 
650 |a Biology (Secondary),environmental protection 
904 |i Nguyễn Quang Điền, Trong Hieu 
980 |a Trung tâm Học liệu Trường Đại học Cần Thơ